000 00761nam a22001937a 4500
999 _c59057
_d59057
003 Ge_BSU
005 20221115122347.0
008 221115s2000 ge ||||| |||| 00| 0 geo d
020 _a9992880074
041 _ageo
080 _a342.726-053.2 ზ-26
100 _aზამბახიძე, პეტრე
_92981
245 _aბავშვთა უფლებები /
_cპეტრე ზამბახიძე; რედ. თ. ბერძენიშვილი.
264 _aბათუმი :
_b სანი,
_c2000.
300 _a100 გვ. ;
_b20 სმ.
653 _aბავშვთა უფლებები.
700 _aბერძენიშვილი, თ.
_eრედაქტორი
_915822
942 _2udc
_cBK